Quiz di cultura generale # 63 - Statistics

Statistiche generali
  • Questo quiz è stato fatto 180 volte
  • Il punteggio medio è 5 su 15
Statistiche sulle risposte
Suggerimento Risposta % Corretto
Principale malattia veicolata da zanzare infette Malaria
80%
Famoso antibiotico scoperto da Alexander Fleming Penicillina
77%
Qual è l'edificio più alto del mondo nel 2024? Burj Khalifa
68%
Strumento musicale aerofono a serbatoio originario della Scozia (foto in copertina) Cornamusa
67%
Simbolo chimico dell'azoto N
67%
Quale lingua non indoeuropea è parlata in Spagna? Basco
46%
Arte marziale coreana incentrata sui calci Taekwondo
34%
Quale noto scrittore italiano nacque ad Alessandria d'Egitto? Giuseppe Ungaretti
22%
Qual è il film italiano che vinse il Premio Oscar nel 1992? Mediterraneo
21%
Quale capoluogo di provincia italiano è situato alla maggior altitudine? Enna
14%
Capitale della Spagna fino al 1560 Toledo
12%
Filosofo greco autore del "quadrifarmaco" Epicuro
10%
Che forma di governo ha il Vietnam? Repubblica socialista
5%
Opera di J.R:R. Tolkien pubblicata postuma nel 1977 Il Silmarillion
3%
Come si chiama il più grande satellite naturale di Saturno? Titanio
1%
Nessun quiz corrispondente trovato
Distribuzione punteggi
Percentuale di utenti per punteggio
Percentile per numero di risposta
I tuoi punteggi nel tempo
Non hai fatto questo quiz